Identidad y magia : (Record no. 45248)
[ view plain ]
| 000 -CABECERA | |
|---|---|
| campo de control de longitud fija | 01029nam a2200229 a 4500 |
| 001 - NÚMERO DE CONTROL | |
| campo de control | 000045759 |
| 005 - FECHA Y HORA DE LA ÚLTIMA TRANSACCIÓN | |
| campo de control | 20220307131057.0 |
| 008 - DATOS DE LONGITUD FIJA--INFORMACIÓN GENERAL | |
| campo de control de longitud fija | 150511s2012 dr ac 000 0 spa d |
| 040 ## - FUENTE DE LA CATALOGACIÓN | |
| Centro catalogador/agencia de origen | DO-SdBNP |
| Lengua de catalogación | spa |
| Centro/agencia transcriptor | BNPHU |
| 082 ## - NÚMERO DE LA CLASIFICACIÓN DECIMAL DEWEY | |
| Número de clasificación | xxxx |
| Número de documento/Ítem | xxxx |
| 100 1# - ENTRADA PRINCIPAL--NOMBRE DE PERSONA | |
| Nombre de persona | Tejeda Ortíz, Dagoberto, |
| Fechas asociadas al nombre | 1940- |
| 9 (RLIN) | 1575 |
| 245 10 - MENCIÓN DE TÍTULO | |
| Título | Identidad y magia : |
| Resto del título | bailes folklóricos de la República Dominicana = Identity and magic : folk dances of the Dominican Republic / |
| Mención de responsabilidad, etc. | Dagoberto Tejeda Ortiz ; fotografía Mariano Hernóndez ; ilustración Julián Amado ; traducción Diana López, Christian Lugo. |
| 246 1# - FORMA VARIANTE DE TÍTULO | |
| Título propio/Titulo breve | Identity and magic : folk dances of the Dominican Republic |
| 250 ## - MENCIÓN DE EDICIÓN | |
| Mención de edición | Ed. bilingüe |
| 260 ## - PUBLICACIÓN, DISTRIBUCIÓN, ETC. | |
| Lugar de publicación, distribución, etc. | Santo Domingo : |
| Nombre del editor, distribuidor, etc. | VICINI, |
| Fecha de publicación, distribución, etc. | 2012. |
| 300 ## - DESCRIPCIÓN FÍSICA | |
| Extensión | 299 p. : |
| Otras características físicas | il., retrs. + CD-ROM : ; |
| Dimensiones | 34 cm. |
| 500 ## - NOTA GENERAL | |
| Nota general | Incluye referencias bibliográficas y notas al pie de las páginas. |
| 546 ## - NOTA DE LENGUA/LENGUAJE | |
| Nota de lengua/lenguaje | Texto en inglés y español |
| 700 12 - PUNTO DE ACCESO ADICIONAL--NOMBRE DE PERSONA | |
| Nombre de persona | Amado, Julián, |
| Término indicativo de función/relación | il. |
| 9 (RLIN) | 29282 |
| 700 12 - PUNTO DE ACCESO ADICIONAL--NOMBRE DE PERSONA | |
| Nombre de persona | López, Diana, |
| Término indicativo de función/relación | tr. |
| 9 (RLIN) | 73835 |
| 700 12 - PUNTO DE ACCESO ADICIONAL--NOMBRE DE PERSONA | |
| Nombre de persona | Lugo, Christian, |
| Término indicativo de función/relación | tr. |
| 9 (RLIN) | 73836 |
| Estado de retiro | Estado de pérdida | Restricciones de uso | No para préstamo | Código de colección | Localización permanente | Ubicación/localización actual | Ubicación en estantería | Fecha de adquisición | Número de inventario | Total de préstamos | Signatura topográfica completa | Código de barras | Fecha visto por última vez | Número de copia | Precio válido a partir de | Tipo de ítem Koha |
|---|---|---|---|---|---|---|---|---|---|---|---|---|---|---|---|---|
| Dominicana de Servicio | General | General | Depósito | 11.05.2015 | LF1 | xxxx xxxx | 45759-30 | 25.06.2020 | e. 3 | 25.06.2020 | Libro y Folleto Colección Dominicana de Servicio | |||||
| Excluido de préstamo | Patrimonio Dominicano | Patrimonio Dominicano | Patrimonio Dominicano | Depósito | 11.05.2015 | LF1 | xxxx xxxx | 45759-10 | 25.06.2020 | 25.06.2020 | Libro y Folleto Colección Patrimonio Dominicano | |||||
| Excluido de préstamo | Patrimonio Dominicano | Patrimonio Dominicano | Patrimonio Dominicano | Depósito | 11.05.2015 | LF1 | xxxx xxxx | 45759-20 | 25.06.2020 | e. 2 | 25.06.2020 | Libro y Folleto Colección Patrimonio Dominicano | ||||
| Excluido de préstamo | Patrimonio Dominicano | Patrimonio Dominicano | Patrimonio Dominicano | En catalogación | 11.05.2015 | LF1 | xxxx xxxx | 45760-10 | 25.06.2020 | 25.06.2020 | Libro y Folleto Colección Patrimonio Dominicano | |||||
| Excluido de préstamo | Patrimonio Dominicano | Patrimonio Dominicano | Patrimonio Dominicano | En catalogación | 11.05.2015 | LF1 | xxxx xxxx | 45760-20 | 25.06.2020 | e. 2 | 25.06.2020 | Libro y Folleto Colección Patrimonio Dominicano |
